Dialóg a nie konfrontácia K rozvoju sovietsko-amerických vzťahov

Bibliographic Details
Main Author: Gantman, Vladimír (Author)
Format: Article
Language:Slovak
Subjects:

MARC

LEADER 00000nab a2200000 a 4500
001 vtls000104540
003 SK-MaSNL
005 20260304052103.0
008 220422c1981 xo 0 slo
015 |a SNBRB19rr/mm-uuuuu 
035 |a CL0114643 
040 |a SNKBUCL  |b slo  |c SNKBUCL  |e AACR2 
041 0 |a slo 
044 |a xo  |c SK 
080 |a 327(100-11)(47+57)  |2 1981 
080 |a 327(100-12)(73)  |2 1981 
100 1 |a Gantman, Vladimír  |4 aut  |9 1334990 
245 1 0 |a Dialóg a nie konfrontácia  |b K rozvoju sovietsko-amerických vzťahov  |c Vladimír Gantman 
650 0 7 |a zahraničná politika  |2 snkbucl  |9 971 
651 7 |a Spojené štáty americké  |2 snkbucl  |9 18262 
651 7 |a Sovietsky zväz  |2 snkbucl  |9 22126 
655 7 |a články z novín a časopisov  |2 snkbucl  |9 267496 
773 0 |t Nové slovo  |g Roč. 23, č. 38 (1981), s. 8 
850 |a Slovenská národná knižnica v Martine  |a MTA001 
852 |a SNK  |b KIS3GCP 
958 |a RK 
958 |a ME 
992 |a RBX 
999 |c 2706345  |d 2708275